Online
Catalog

el chiste y su relación con lo inconsciente : (Record no. 24825)

MARC details
000 -CABECERA
campo de control de longitud fija 00934nam a2200217 a 4500
001 - NÚMERO DE CONTROL
campo de control 000025333
005 - FECHA Y HORA DE LA ÚLTIMA TRANSACCIÓN
campo de control 20200930023720.0
008 - DATOS DE LONGITUD FIJA--INFORMACIÓN GENERAL
campo de control de longitud fija 110214s1921 ag r 000 0 spa d
040 ## - FUENTE DE LA CATALOGACIÓN
Centro catalogador/agencia de origen DO-SdBNP
Lengua de catalogación spa
Centro/agencia transcriptor BNPHU
082 ## - NÚMERO DE LA CLASIFICACIÓN DECIMAL DEWEY
Número de clasificación NNN
Número de documento/Ítem F889c
049 ## - FONDOS LOCALES (OCLC)
Fondos de biblioteca BNGR
100 1# - ENTRADA PRINCIPAL--NOMBRE DE PERSONA
Nombre de persona Freud, Sigmund
Fechas asociadas al nombre 1856-1939
9 (RLIN) 35138
245 10 - MENCIÓN DE TÍTULO
Título el chiste y su relación con lo inconsciente :
Resto del título el delirio y los sueños en la "Gradiva" de Jensen /
Mención de responsabilidad, etc. Sigmund Freud ; traducción directa del alemán de Luis López-Ballesteros y de Torres ; editor Santiago Rueda.
260 ## - PUBLICACIÓN, DISTRIBUCIÓN, ETC.
Lugar de publicación, distribución, etc. Buenos Aires :
Nombre del editor, distribuidor, etc. [S. l.],
Fecha de publicación, distribución, etc. [1921].
300 ## - DESCRIPCIÓN FÍSICA
Extensión 287, [1] p. ;
Dimensiones 22 cm.
490 1# - MENCIÓN DE SERIE
Mención de serie Obras completas del profesor Sigmund Freud
Designación de volumen o secuencia 3
500 ## - NOTA GENERAL
Nota general Incluye referencias bibliográficas y notas al pie de las páginas
700 1# - PUNTO DE ACCESO ADICIONAL--NOMBRE DE PERSONA
Nombre de persona Rueda, Santiago
Término indicativo de función/relación ed.
9 (RLIN) 51885
700 1# - PUNTO DE ACCESO ADICIONAL--NOMBRE DE PERSONA
Nombre de persona López-Ballesteros y de Torres, Luis
Término indicativo de función/relación tr.
9 (RLIN) 45226
830 #0 - PUNTO DE ACCESO ADICIONAL DE SERIE-TÍTULO UNIFORME
Título uniforme Obras completas del profesor Sigmund Freud
Designación de volumen o secuencia 3
9 (RLIN) 51886
Holdings
Estado de retiro Estado de pérdida Restricciones de uso No para préstamo Código de colección Localización permanente Ubicación/localización actual Ubicación en estantería Fecha de adquisición Número de inventario Total de préstamos Signatura topográfica completa Código de barras Fecha visto por última vez Precio válido a partir de Tipo de ítem Koha
        Monografías: Libros y Folletos General General En catalogación 14.02.2011 LF1   NNN F889c 25333-10 25.06.2020 25.06.2020 Préstamo en sala

Powered by Koha